Strategic and critical nonfuel minerals : problems and policy alternatives.

Bibliographic Details
Corporate Author: United States. Congressional Budget Office
Format: Government Document Book
Language:English
Published: [Washington, D.C.?] : Congress of the U.S., Congressional Budget Office, [1983]
Series:CBO study.
Subjects:

MARC

Tag First Indicator Second Indicator Subfields
LEADER 00000cam a2200000 a 4500
001 in00000842002
005 20151019052509.0
008 830911s1983 dcu b f00000 eng d
010 |a gp 83024911  
035 |a (OCoLC)09901688 
035 |9 ADZ9222AM 
040 |a GPO  |c GPO  |d UtOrBLW 
043 |a n-us--- 
074 |a 1005-C 
086 0 |a Y 10.2:St 8/4 
245 0 0 |a Strategic and critical nonfuel minerals :  |b problems and policy alternatives. 
264 1 |a [Washington, D.C.?] :  |b Congress of the U.S., Congressional Budget Office,  |c [1983] 
300 |a xv, 85 pages ;  |c 26 cm. 
336 |a text  |b txt  |2 rdacontent 
337 |a unmediated  |b n  |2 rdamedia 
338 |a volume  |b nc  |2 rdacarrier 
490 1 |a A CBO study 
500 |a "August 1983"--Cover. 
500 |a GPO sales statement incorrect in publication. 
504 |a Includes bibliographical references. 
650 0 |a Strategic materials  |z United States. 
710 1 |a United States.  |b Congressional Budget Office. 
830 0 |a CBO study. 
999 |a MARS 
999 f f |s c34779ea-dc58-3412-a935-4c0ce9ae2bf4  |i 24cf13a9-7628-3469-b646-a4b21dde1059  |t 0 
952 f f |p normal  |a Texas A&M University  |b College Station  |c Sterling C. Evans Library  |d Evans: US Documents (Annex 5th floor)  |t 0  |e Y 10.2:St 8/4  |h Superintendent of Documents classification  |i unmediated -- volume  |m A14813251609 
998 f f |a Y 10.2:St 8/4  |t 0  |l Evans: US Documents (Annex 5th floor)